| 000 | 00559nam a22001931 4500 | ||
|---|---|---|---|
| 001 | 3583380 | ||
| 005 | 20241217144151.0 | ||
| 008 | 850906s1956 paua 000 0 eng | ||
| 050 | 0 | 0 |
_aQP91 _b.D5 |
| 082 | 0 | 0 | _a612.11 |
| 100 | 1 |
_aDiggs, L. W. _q(Lemuel W.) |
|
| 245 | 1 | 4 |
_aThe morphology of human blood cells _c[by] L.W. Diggs, Dorothy Sturm [and] Ann Bell. |
| 260 |
_aUSA _bAbbott Laboratories _c1985 |
||
| 300 |
_a92 p. _billus. color _c28 cm. |
||
| 650 | 0 | _aBlood cells. | |
| 700 | _aSturm, Dorothy | ||
| 700 | _aBell, Ann | ||
| 942 |
_2lcc _cBK _e5th ed. _n0 |
||
| 999 |
_c2421 _d2421 |
||